000
00286nam a2200109Ia 4500
008
220216s9999 xx 000 0 und d
245
0
_a
History of the synthetic rubber program in general- USA
260
_b
Planter
_c
1956
300
_a
597-602
650
_a
Synthetic rubber
942
_c
JS
999
_c
60467
_d
60467